|
|
|
|
| LEADER |
00000ckm a2200000 a 4500 |
| 001 |
vtls011569222 |
| 003 |
SK-MaSNL |
| 005 |
20260512124559.0 |
| 007 |
kp bo |
| 008 |
230706q1935 xo g kupol |
| 015 |
|
|
|a SNBG1935
|
| 035 |
|
|
|a urn:nbn:sk:snk-km00dz4t
|
| 035 |
|
|
|a urn:nbn:sk:snk-km3lnyz
|
| 035 |
|
|
|a B88F5833-95CF-4BC8-97A9-10A3EECFF2C8
|
| 040 |
|
|
|a SNK
|b slo
|c SNK
|e AACR2
|
| 041 |
0 |
|
|a pol
|a ger
|
| 043 |
|
|
|a e-xo---
|a e-pl---
|
| 044 |
|
|
|a xo
|c SK
|
| 072 |
|
7 |
|a 908(437+438)
|x Štúdium oblastí a lokalít všeobecne
|2 konspekt
|
| 080 |
|
|
|a 551.24.055(234.372.4)
|2 2011
|
| 080 |
|
|
|a (084.121)
|2 2011
|
| 080 |
|
|
|a 908(438)
|2 2011
|
| 080 |
|
|
|a 726:2-586.5
|2 2011
|
| 080 |
|
|
|a 908(437.6)
|2 2011
|
| 245 |
0 |
0 |
|a Pieniny
|h grafika
|b býdliste mnicha pri soche sv. Kunikunde na vrchu stri Korunami v Polske
|
| 246 |
3 |
1 |
|a Pieninen
|b Wöhnstädte des Mönchs bei der Statue der heil. Kunikunde am Dreikronen Berg in Polen
|
| 246 |
1 |
|
|i Názov na obrazovej časti:
|a Koruny Postevna
|
| 260 |
|
|
|a [Slovensko?]
|b [vydavateľ neznámy]
|c [1935?]
|
| 300 |
|
|
|a 1 pohľadnica
|b čiernobiela
|c 14 x 9 cm
|
| 546 |
|
|
|a Súbežný názov a podnázov v nem.
|
| 650 |
0 |
7 |
|a pustovne
|2 SNKPH
|9 3033
|
| 651 |
|
7 |
|a Pieniny (Poľsko a Slovensko : pohorie)
|2 SNKPHgeo
|9 17492
|
| 651 |
|
7 |
|a Tri Koruny (Pieniny, Poľsko : vrch)
|2 SNKPHgeo
|9 160521
|
| 655 |
|
7 |
|a miestne pohľadnice
|2 SNKPH
|9 70510
|
| 655 |
|
7 |
|a geografické pohľadnice
|2 SNKPH
|9 70522
|
| 852 |
|
|
|a Slovenská národná knižnica
|
| 958 |
|
|
|a GBN
|
| 958 |
|
|
|a GC
|
| 958 |
|
|
|a ONDV
|
| 999 |
|
|
|c 932613
|d 934543
|
| 952 |
|
|
|a SNK
|b SNK
|y PREZ
|7 0
|p 17A1194657
|o snkSP 26762
|z Pohľadnica prešla poštou.
|0 0
|1 0
|4 0
|d 2016-07-25
|f 1
|l 0
|r 2026-02-24 08:53:40
|w 2026-02-24
|